| 000 | 00439nam a2200157Ia 4500 | ||
|---|---|---|---|
| 008 | 230312s9999||||xx |||||||||||||| ||und|| | ||
| 020 | _a0-07-239688-1 | ||
| 082 |
_a657 _bWIL-F |
||
| 100 | _aWilliams Jan,R. | ||
| 245 | 0 | _aFinancial and Managerial Accounting | |
| 260 |
_bMcGraw Hill _aNew York _c2002 |
||
| 300 | _a1135 | ||
| 546 | _aEng. | ||
| 650 |
_aAccounting _vBasic Financial Statement , Financial Assets , Liabilities |
||
| 942 | _cBK | ||
| 999 |
_c4903 _d4903 |
||